000 00225 a2200097 4500
001 8581
100 _aMehmood Ahmed Khan
245 _aBasair:Bachon key liay Islami Kahanyan
260 _a
_bFerozsons
_c
090 _c6905
_d6905
942 _aNUST-CAE
_cM
_c33495
999 _c243654
_d243654